| 000 | 00668nam a2200193 a 4500 | ||
|---|---|---|---|
| 001 | 000047146 | ||
| 005 | 20201002053408.0 | ||
| 008 | 180417s2017 dr abc 000 0 spa d | ||
| 020 | _a9789945124385 | ||
| 040 |
_aDO-SdBNP _bspa _cBNPHU |
||
| 082 |
_axxxx _bR457c |
||
| 100 | 1 |
_aReyes Báez, Yanett _974890 |
|
| 245 | 1 | 0 |
_aCiencias de la naturaleza 1 : _bnivel secundaria / _cYanett Reyes Báez. |
| 260 |
_aSanto Domingo : _bSusaeta Ediciones, _c2017. |
||
| 300 |
_a208 p. : _bil., mapas, retrs. ; _c29 cm. |
||
| 504 | _aBibliografía : p. 208 | ||
| 505 | 0 |
_aLa tierra en el universo -- _tLa materia y sus cambios _tLa vida en la tierra. |
|
| 590 | _aInventariado, 2018/LP | ||
| 999 |
_c46634 _d46634 |
||